Numerical optimization (Record no. 8449)

MARC details
000 -LEADER
fixed length control field 00672nam a22002417a 4500
003 - CONTROL NUMBER IDENTIFIER
control field OSt
005 - DATE AND TIME OF LATEST TRANSACTION
control field 20240614101542.0
008 - FIXED-LENGTH DATA ELEMENTS--GENERAL INFORMATION
fixed length control field 240614b |||||||| |||| 00| 0 eng d
020 ## - INTERNATIONAL STANDARD BOOK NUMBER
International Standard Book Number 9780387987934
028 ## - PUBLISHER NUMBER
Publisher number Springer
040 ## - CATALOGING SOURCE
Transcribing agency MUST
082 ## - DEWEY DECIMAL CLASSIFICATION NUMBER
Classification number 519 NOC 1999
100 ## - MAIN ENTRY--PERSONAL NAME
Personal name Nocedal, Jorge
9 (RLIN) 17062
245 ## - TITLE STATEMENT
Title Numerical optimization
260 ## - PUBLICATION, DISTRIBUTION, ETC. (IMPRINT)
Place of publication, distribution, etc. New York
Name of publisher, distributor, etc. Springer
Date of publication, distribution, etc. 1999
300 ## - PHYSICAL DESCRIPTION
Extent xx, 636p.
Other physical details ill.
Dimensions 24cm
440 ## - SERIES STATEMENT/ADDED ENTRY--TITLE
Title Springer series in operations research
9 (RLIN) 2548
504 ## - BIBLIOGRAPHY, ETC. NOTE
Bibliography, etc References and indexes included
650 ## - SUBJECT ADDED ENTRY--TOPICAL TERM
Source of heading or term Mathematical Optimization
700 ## - ADDED ENTRY--PERSONAL NAME
Personal name Wright, Stephen J
9 (RLIN) 17175
800 ## - SERIES ADDED ENTRY--PERSONAL NAME
Personal name Glynn, Peter
9 (RLIN) 17176
942 ## - ADDED ENTRY ELEMENTS (KOHA)
Source of classification or shelving scheme Dewey Decimal Classification
Koha item type Open Shelf
Holdings
Withdrawn status Lost status Source of classification or shelving scheme Damaged status Not for loan Home library Current library Date acquired Source of acquisition Inventory number Total Checkouts Full call number Barcode Date last seen Price effective from Koha item type
    Dewey Decimal Classification     MUST Main Library MUST Main Library 14/06/2024 Purchase 04/22853   519 NOC 1999 2024-20459 14/06/2024 14/06/2024 Open Shelf